000
00252nam a22000857a 4500
008
241008b |||||||| |||| 00| 0 eng d
020
_a
9789630230333
100
_a
MTG LEARNING MEDIA P LTD
_9
7807
245
_a
ACCOUUNTANCY CLASS XII CBSE 10 YEAR SOLVED PAPER
999
_c
12694
_d
12694